[Event "Czech Open A"]
[Site "Pardubice CZE"]
[Date "2009.07.30"]
[Round "7"]
[White "Mikhalevski,A"]
[Black "Pajeken,W"]
[Result "1-0"]
[WhiteElo "2417"]
[BlackElo "2322"]

1.d4 Nf6 2.c4 e6 3.Nf3 Bb4+ 4.Nbd2 d5 5.g3 dxc4 6.Bg2 O-O 7.O-O b5 8.a4 c6
9.e4 c3 10.bxc3 Bxc3 11.Rb1 b4 12.e5 Nd5 13.Ne4 Ba6 14.Qc2 Bxf1 15.Neg5 g6
16.Bxf1 Nd7 17.h4 Qe7 18.Ne4 c5 19.Bg5 Qe8 20.Bb5 cxd4 21.Nd6 Qb8 22.Bxd7 Qc7
23.Bb5 f6 24.Bh6 fxe5 25.Bxf8 Rxf8 26.Ne8 Qd8 27.Nxe5 a6 28.Bc6 Rxe8 29.Bxe8 Qxe8
30.Qe4 Qxa4 31.Nxg6 hxg6 32.Qxe6+ Kg7 33.Qxd5 Qc2 34.Qe5+ Kf7 35.Qc7+ Ke6
36.Re1+ Bxe1 37.Qxc2 Kd5 38.Qxg6  1-0

[Event "Czech Open A"]
[Site "Pardubice CZE"]
[Date "2009.07.30"]
[Round "7"]
[White "Jorczik,J"]
[Black "Danes,J"]
[Result "1/2-1/2"]
[WhiteElo "2352"]
[BlackElo "2238"]

1.d4 Nf6 2.c4 e6 3.Nf3 Bb4+ 4.Nbd2 O-O 5.a3 Bxd2+ 6.Bxd2 Ne4 7.Bf4 d6 8.g3 f5
9.Bg2 Nd7 10.Nd2 Ng5 11.h4 Nf7 12.Nb3 Nf6 13.Qc2 Rb8 14.O-O h6 15.c5 b6 16.Rad1 Bb7
17.cxb6 Ba6 18.Rfe1 Qe8 19.a4 e5 20.dxe5 dxe5 21.Bd2 Qe6 22.Bb4 Rfe8 23.Bh3 Qc4
24.Qxc4 Bxc4 25.Nd2 Be6 26.Ba3 a5 27.Nb1 f4 28.Bg2 fxg3 29.fxg3 Bb3 30.Rc1 Bxa4
31.Nc3 Bb3 32.Nb5 Rbc8 33.Na7 Rcd8 34.Nb5 Rc8 35.Na7 Ra8 36.Nb5 Rac8  1/2-1/2

[Event "Open"]
[Site "Kavala GRE"]
[Date "2009.08.01"]
[Round "1"]
[White "Gupta,Ab"]
[Black "Galopoulos,P"]
[Result "1-0"]
[WhiteElo "2565"]
[BlackElo "2161"]

1.d4 Nf6 2.c4 e6 3.Nf3 Bb4+ 4.Nbd2 b6 5.a3 Bxd2+ 6.Qxd2 Bb7 7.e3 O-O 8.Be2 a5
9.b3 d6 10.Bb2 Nbd7 11.O-O Ne4 12.Qc2 f5 13.d5 e5 14.Nd2 Nxd2 15.Qxd2 f4
16.exf4 exf4 17.Bg4 Nc5 18.Rae1 Qg5 19.Bd1 Bc8 20.Bc2 Bf5 21.b4 axb4 22.axb4 Bxc2
23.Qxc2 f3 24.g3 Nd7 25.Qe4 Rae8 26.Qxe8 Rxe8 27.Rxe8+ Kf7 28.Rfe1 Nf6 29.R1e7+ Kg6
30.Bxf6 Kxf6 31.Re3 Kf7 32.R8e4 Kg8 33.Rxf3 Qc1+ 34.Kg2 h6 35.h4 Kh7 36.Rf7 Qc2
37.Rg4 Qb2 38.Rxc7 Qxb4 39.Rcxg7+ Kh8 40.Rg8+  1-0

[Event "Open"]
[Site "Kavala GRE"]
[Date "2009.08.02"]
[Round "3"]
[White "Gupta,Ab"]
[Black "Khukhashvili,S"]
[Result "1-0"]
[WhiteElo "2565"]
[BlackElo "2430"]

1.d4 Nf6 2.c4 e6 3.Nf3 Bb4+ 4.Nbd2 O-O 5.a3 Be7 6.e4 d5 7.Bd3 c5 8.dxc5 dxe4
9.Nxe4 Nxe4 10.Bxe4 Qxd1+ 11.Kxd1 Bxc5 12.b4 Be7 13.Bb2 a5 14.c5 Na6 15.Ke2 f5
16.Bd3 Nc7 17.Bc4 Nd5 18.Be5 b6 19.Bxd5 exd5 20.cxb6 Re8 21.Kd3 Ba6+ 22.b5 Bxb5+
23.Kd2 Ba6 24.Rhc1 Rac8 25.Rxc8 Rxc8 26.Nd4 g6 27.Rb1 Bb7 28.Nb3 Ra8 29.Rc1 a4
30.Rc7 Bg5+ 31.f4 axb3 32.Rxb7 b2 33.Kc2  1-0

[Event "Open"]
[Site "Kavala GRE"]
[Date "2009.08.05"]
[Round "6"]
[White "Koneru,H"]
[Black "Antic,De"]
[Result "1/2-1/2"]
[WhiteElo "2623"]
[BlackElo "2523"]

1.d4 e6 2.c4 Bb4+ 3.Nd2 Nf6 4.Nf3 O-O 5.a3 Be7 6.e4 d5 7.Qc2 c5 8.dxc5 dxe4
9.Nxe4 Nxe4 10.Qxe4 Nc6 11.Bf4 f5 12.Qc2 Bxc5 13.Rd1 Qf6 14.Bg5 Qg6 15.b4 e5
16.Qc1 f4 17.bxc5 e4 18.Rd6 Qh5 19.Bxf4 exf3 20.Qd2 Qxc5 21.gxf3 Qxa3 22.Be2 Qa1+
23.Qc1 Qa5+ 24.Bd2 Qc5 25.Rd5 Qe7 26.Qc3 Bf5 27.Be3 Qb4 28.Qxb4 Nxb4 29.Rb5 Nc2+
30.Kd2 Nxe3 31.fxe3 b6  1/2-1/2

[Event "Arctic Chess Challenge"]
[Site "Tromso NOR"]
[Date "2009.08.05"]
[Round "5"]
[White "Van den Bersselaar,J"]
[Black "Kjoita,H"]
[Result "1-0"]
[WhiteElo "2184"]
[BlackElo "1746"]

1.d4 Nf6 2.c4 e6 3.Nf3 Bb4+ 4.Nbd2 d5 5.g3 O-O 6.Bg2 c5 7.O-O Nc6 8.dxc5 Bxc5
9.a3 a5 10.Qc2 Ba7 11.b3 Nd4 12.Nxd4 Bxd4 13.Bb2 Bxb2 14.Qxb2 b6 15.cxd5 Nxd5
16.e4 Nf6 17.Rfd1 Qe7 18.Nc4 Rb8 19.e5 Nd7 20.Nd6 f6 21.exf6 Nxf6 22.Bh3 Ne8
23.Qe5 Nxd6 24.Rxd6 Kf7 25.Rc1 Re8 26.Rd4 Kg8 27.Qxb8  1-0

[Event "Arctic Chess Challenge"]
[Site "Tromso NOR"]
[Date "2009.08.05"]
[Round "5"]
[White "Rolvag,M"]
[Black "Maiorov,D"]
[Result "1-0"]
[WhiteElo "2196"]
[BlackElo "1930"]

1.d4 Nf6 2.Nf3 e6 3.c4 Bb4+ 4.Nbd2 Nc6 5.g3 O-O 6.Bg2 d6 7.O-O Bxd2 8.Bxd2 e5
9.d5 Ne7 10.Qc2 Bf5 11.Qb3 Qd7 12.Bg5 Ne4 13.Bxe7 Nc5 14.Qe3 Qxe7 15.b4 Nd7
16.Rfc1 b6 17.Nd4 Bg6 18.Bh3 f5 19.Nc6 Qe8 20.a4 f4 21.gxf4 Rxf4 22.a5 Bh5
23.axb6 Nxb6 24.Qd3 Qf8 25.c5 e4 26.Be6+ Kh8 27.Qh3 Nc8 28.Qxh5 Rxf2 29.Rf1 e3
30.Qg5 Rf6 31.Rxf6 gxf6 32.Qxe3 Ne7 33.Nxe7 Qxe7 34.Qd4 Rf8 35.c6 Qg7+ 36.Kh1 f5
37.Qxg7+  1-0

[Event "Asian Zone 3.2 m"]
[Site "New Delhi IND"]
[Date "2009.08.11"]
[Round "5"]
[White "Deepan,C"]
[Black "Amir,K"]
[Result "1-0"]
[WhiteElo "2506"]
[BlackElo "2248"]

1.d4 Nf6 2.Nf3 e6 3.c4 Bb4+ 4.Nbd2 b6 5.a3 Bxd2+ 6.Qxd2 Bb7 7.b4 d6 8.e3 Nbd7
9.Bb2 O-O 10.Be2 Ne4 11.Qc2 f5 12.O-O Rf6 13.d5 e5 14.Nh4 g6 15.f3 Ng5 16.f4 Ne4
17.Nf3 Qe7 18.Bd3 c6 19.Bxe4 fxe4 20.Qxe4 cxd5 21.cxd5 Rf5 22.Nd4 Rh5 23.Nc6 Qh4
24.h3 Nf6 25.Qf3 exf4 26.Rad1 Re8 27.exf4 Ba6 28.Rf2 Bc4 29.Bxf6 Qxf6 30.g4 Rh4
31.Qg3 g5 32.fxg5 Qxg5 33.Qf3 Qg7 34.Rd4 b5 35.Re4 Rf8 36.Ne7+ Qxe7 37.Rxe7 Rxf3
38.Rxf3 Bxd5 39.Rd3 Bf7 40.Rxd6 Rxh3 41.Kg2 Rc3 42.Rd8+ Kg7 43.Rdd7 Rc2+
44.Kf1 Rc1+ 45.Ke2 Rc2+ 46.Ke3  1-0

[Event "Asian Zone 3.2 m"]
[Site "New Delhi IND"]
[Date "2009.08.14"]
[Round "8"]
[White "Sriram,J"]
[Black "Hapuarachchi,H"]
[Result "1-0"]
[WhiteElo "2459"]
[BlackElo "2001"]

1.d4 Nf6 2.c4 e6 3.Nf3 Bb4+ 4.Nbd2 O-O 5.a3 Bxd2+ 6.Bxd2 d6 7.Bg5 Nc6 8.e3 e5
9.d5 Nb8 10.Be2 Nbd7 11.O-O h6 12.Bh4 g5 13.Bg3 Ne4 14.Nd2 Nxd2 15.Qxd2 f5
16.f4 Qf6 17.Qc2 gxf4 18.exf4 e4 19.b4 Kh7 20.Rfd1 Rg8 21.c5 Qg6 22.Rac1 h5
23.Bf1 Rg7 24.Bh4 Nf6 25.Qb2 Ng4 26.Rc3 Bd7 27.Rg3 Qf7 28.Qe2 Rag8 29.h3 Nh6
30.Rg5 Be8 31.Qe3 Rf8 32.cxd6 cxd6 33.Qxa7 Ng8 34.Qb6 Rxg5 35.Bxg5 Qd7 36.Rc1 Rf7
37.Bd8 Qa4 38.Qe3 Ne7 39.Bc4 Ng6 40.Be2 Rd7 41.Bf6 Nf8 42.Bb2 Bf7 43.Qd4  1-0

[Event "16th Vienna Open"]
[Site "Vienna AUT"]
[Date "2009.08.16"]
[Round "2"]
[White "Saric,A"]
[Black "Marzano,C"]
[Result "1/2-1/2"]
[WhiteElo "2486"]
[BlackElo "2163"]

1.d4 Nf6 2.Nf3 e6 3.c4 Bb4+ 4.Nbd2 b6 5.a3 Bxd2+ 6.Qxd2 Bb7 7.e3 O-O 8.Be2 d6
9.O-O Nbd7 10.b4 a5 11.Bb2 Ne4 12.Qd3 f5 13.Nd2 Nxd2 14.Qxd2 Qh4 15.f3 Rf6
16.g3 Qh3 17.d5 e5 18.Bc3 Rg6 19.Rf2 axb4 20.axb4 Rxa1+ 21.Bxa1 Qh4 22.Bd3 e4
23.fxe4 fxe4 24.Bc2 Nf6 25.Bxf6 gxf6 26.Rf4 Qg5 27.Bxe4 Rg7 28.Bf5 h5 29.Be6+ Kf8
30.Qd4 Ke7 31.Rf5 Qh6 32.Qe4 Rg4 33.Rf4 Rxf4 34.exf4 Kd8 35.Bf7 Qf8 36.Bxh5 f5
37.Qe6 Qh8 38.Qg6 b5 39.Qg5+ Kc8 40.Qxf5+ Kb8 41.cxb5 Qd4+ 42.Kf1 Qa1+ 43.Kf2 Qd4+
44.Kf1 Qa1+ 45.Kf2 Qd4+ 46.Kf1  1/2-1/2

[Event "5th Geller Mem Open A"]
[Site "Odessa UKR"]
[Date "2009.08.20"]
[Round "1"]
[White "Mozharov,M"]
[Black "Mazurchak,B"]
[Result "1-0"]
[WhiteElo "2475"]
[BlackElo "2187"]

1.d4 Nf6 2.c4 e6 3.Nf3 Bb4+ 4.Nbd2 d5 5.a3 Be7 6.Qc2 O-O 7.e4 dxe4 8.Nxe4 Nbd7
9.Bd3 Nxe4 10.Bxe4 Nf6 11.Bd3 b6 12.Bg5 h6 13.Bxf6 Bxf6 14.Bh7+ Kh8 15.Be4 Rb8
16.Rd1 Bb7 17.Bxb7 Rxb7 18.Qe4 Rb8 19.h4 Qe7 20.g4 c5 21.g5 Bxd4 22.Nxd4 cxd4
23.gxh6 gxh6 24.Qxd4+ f6 25.Qf4 Qh7 26.Rg1 Rb7 27.Qxf6+ Rxf6 28.Rd8+ Qg8
29.Rgxg8+ Kh7 30.h5 Rf5 31.Rh8+ Kg7 32.Rdg8+ Kf6 33.Rxh6+ Ke5 34.Re8 Rbf7
35.Rhxe6+ Kd4 36.R8e7 Rf8 37.Rxa7 Rxf2 38.Re2 Rf1+ 39.Kd2 Kxc4 40.Ra4+ Kc5
41.Rh4 R1f5 42.h6 Rh8 43.h7 Rf7 44.Re5+ Kd6 45.Reh5  1-0

[Event "16th Vienna Open"]
[Site "Vienna AUT"]
[Date "2009.08.20"]
[Round "6"]
[White "Schloetzer,W"]
[Black "Zilka,S"]
[Result "0-1"]
[WhiteElo "2256"]
[BlackElo "2466"]

1.d4 Nf6 2.Nf3 e6 3.c4 Bb4+ 4.Nbd2 O-O 5.a3 Bxd2+ 6.Qxd2 b6 7.g3 Bb7 8.Bg2 d6
9.O-O Nbd7 10.b4 Qe7 11.Bb2 Rfe8 12.Rfd1 Be4 13.Rac1 a5 14.c5 axb4 15.axb4 Ra2
16.Ra1 Rea8 17.Rxa2 Rxa2 18.Ra1 Rxa1+ 19.Bxa1 Qf8 20.cxd6 cxd6 21.b5 Qa8
22.Bc3 Nd5 23.Bb4 Qa1+ 24.Ne1 Bxg2 25.Kxg2 N7f6 26.f3 Nxb4 27.Qxb4 Nd5 28.Qxd6 h6
29.Nd3 Qxd4 30.Qb8+ Kh7 31.Qe5 Qc4 32.Nf4 f6 33.Qe4+ Qxe4 34.fxe4 Nc7 35.Kf3 g5
36.Nd3 Nxb5 37.Nb2 Nd4+ 38.Ke3 e5 39.Kd3 b5 40.Nd1 Kg6 41.g4 h5 42.h3 h4
43.Nc3 Ne6 44.Nxb5 Nf4+ 45.Ke3 Nxh3 46.Nd6 Nf4 47.Kf3 Ne6 48.e3 Nc5 49.Nf5 Kf7
50.Nh6+ Ke6 51.Ng8 Nb7 52.Kg2 Nd6 53.Kf3 Kf7 54.Nh6+ Kg7  0-1

[Event "XI Sants Open"]
[Site "Barcelona ESP"]
[Date "2009.08.24"]
[Round "4"]
[White "Gonzalez Garcia,J2"]
[Black "Cruz,Jon"]
[Result "1/2-1/2"]
[WhiteElo "2509"]
[BlackElo "2292"]

1.d4 Nf6 2.c4 e6 3.Nf3 Bb4+ 4.Nbd2 b6 5.a3 Bxd2+ 6.Qxd2 Bb7 7.e3 d6 8.Be2 Nbd7
9.b4 a5 10.b5 O-O 11.O-O Rc8 12.a4 Ne4 13.Qc2 c5 14.bxc6 Bxc6 15.Nd2 Nxd2
16.Qxd2 Qg5 17.f3 d5 18.cxd5 Bxd5 19.Ba6 Rc7 20.e4 Qxd2 21.Bxd2 Rc2 22.Rf2 Bc4
23.Bb7 e5 24.Be1 Rxf2 25.Bxf2 exd4 26.Bxd4 Rd8 27.Rc1 Bb3 28.Bc6 Rc8 29.Rc3 Be6
30.Kf2 Nb8 31.Bb5 Rxc3 32.Bxc3 Nd7 33.Ke3 Nc5 34.Bd4 Kf8 35.Be5 Ke7 36.Bc7 Bd7
37.Bxd7 Kxd7 38.Bxb6 Nxa4 39.Bxa5 Nc5 40.Bc3 f6 41.g4 Ke6 42.Bb4 Nd7 43.f4 g6
44.Kd4 Nb8 45.f5+ gxf5 46.gxf5+ Kd7 47.Kd5 Nc6 48.Bc3 Ne7+ 49.Kc5 Ng8 50.Bd4 Ke7
51.Kc6 Nh6 52.Bc5+ Ke8 53.Bd4 Ke7 54.Bc5+ Ke8 55.Kd5 Nf7 56.Bd4 Ke7 57.Bc5+ Kd7
58.Ba3 Nh6 59.h3 Nf7 60.Bb2 Ke7 61.Ba3+ Kd7 62.Bc1 Ke7 63.Bf4 Kd7 64.Bd2 Ke7
65.Bb4+ Kd7 66.h4 Nh6 67.h5 Nf7 68.Ba3 Nh6 69.Bb4 Nf7 70.Bc5 Nh6 71.e5 Nxf5
72.exf6 Nh6 73.Be3 Nf7 74.Bf4 Nh8 75.Ke5 Nf7+ 76.Kf5 Nh8 77.Bh6 Nf7 78.Bc1 Nd6+
79.Ke5 Nf7+ 80.Kd5 Nh8 81.Ba3 Nf7 82.Bb4 Nh8 83.Ke5 Nf7+ 84.Kf5 Nh6+ 85.Kg5 Nf7+
86.Kf5 Ke8  1/2-1/2

[Event "6th Open"]
[Site "Kalamaria GRE"]
[Date "2009.08.27"]
[Round "7"]
[White "Arun Prasad,S"]
[Black "Berescu,A"]
[Result "1/2-1/2"]
[WhiteElo "2556"]
[BlackElo "2495"]

1.d4 e6 2.c4 Nf6 3.Nf3 Bb4+ 4.Nbd2 b6 5.a3 Bxd2+ 6.Qxd2 Bb7 7.e3 d6 8.Be2 Nbd7
9.b4 O-O 10.O-O Ne4 11.Qc2 c5 12.Bb2 Rc8 13.Rfd1 Qe7 14.dxc5 bxc5 15.Nd2 f5
16.f3 Nef6 17.Nb3 d5 18.bxc5 Nxc5 19.Nxc5 Qxc5 20.Bd4 Qc7 21.Qb2 dxc4 22.Bxc4 Qxc4
23.Qxb7 Rf7 24.Qb2 Nd5 25.Rdc1 Qa6 26.a4 h6 27.Rxc8+ Qxc8 28.Rb1 Kh7 29.Qb5 Qc2
30.Qb3 Qe2 31.Qb2 Qd3 32.Qb3 Qe2 33.Qb2  1/2-1/2

[Event "TCh-SRB 1st League"]
[Site "Kragujevac SRB"]
[Date "2009.09.03"]
[Round "3"]
[White "Ivanisevic,I"]
[Black "Antic,De"]
[Result "1-0"]
[WhiteElo "2614"]
[BlackElo "2518"]

1.d4 e6 2.c4 Bb4+ 3.Nd2 Nf6 4.Nf3 O-O 5.g3 b6 6.Bg2 Bb7 7.O-O c5 8.d5 exd5
9.Nh4 Bxd2 10.Bxd2 Ne4 11.cxd5 Re8 12.Bf4 d6 13.Qd3 Ba6 14.Qc2 Nf6 15.Nf5 Rxe2
16.Qc3 Nbd7 17.Rfe1 Re5 18.Nxd6 Rxd5 19.Qa3 g5 20.Bxd5 Nxd5 21.Qxa6 gxf4
22.Rad1 N7f6 23.Qb7 Qxd6 24.Qxa8+ Kg7 25.Rd2 fxg3 26.hxg3  1-0

[Event "TCh-SRB 1st League"]
[Site "Kragujevac SRB"]
[Date "2009.09.04"]
[Round "4"]
[White "Pavlovic,MilosM"]
[Black "Nestorovic,De"]
[Result "1/2-1/2"]
[WhiteElo "2533"]
[BlackElo "2434"]

1.d4 Nf6 2.c4 e6 3.Nf3 Bb4+ 4.Nbd2 O-O 5.g3 c5 6.a3 Bxd2+ 7.Qxd2 cxd4 8.Nxd4 d5
9.cxd5 Qxd5 10.Nf3 Nc6 11.Bg2 Qb3 12.Nd4 Nxd4 13.Qxd4 Bd7 14.Bg5 Nd5 15.O-O Bb5
16.Rfe1 h6 17.e4 Nb6 18.Be7 Rfe8 19.Qb4 Qxb4 20.Bxb4 a5 21.Bc5 Nd7 22.Bd6 Rec8
23.e5 Bc6 24.Bf1 Bd5 25.Rac1 Nb6 26.Be7 Nd7 27.Rc3 Bc6 28.Bd6 Nb6 29.Rec1 a4
30.f4 Nd5 31.Rc5 Rd8 32.Kf2 Nf6 33.Bg2 Bxg2 34.Kxg2 Ne4 35.Rb5 Nxd6 36.exd6 Rxd6
37.Rxb7 Rd2+ 38.Kh3 h5 39.Rcc7 Rf8  1/2-1/2

[Event "TCh-SRB 1st League"]
[Site "Kragujevac SRB"]
[Date "2009.09.09"]
[Round "8"]
[White "Maksimovic,Br"]
[Black "Savic,Miod1"]
[Result "1-0"]
[WhiteElo "2421"]
[BlackElo "2545"]

1.d4 Nf6 2.c4 e6 3.Nf3 Bb4+ 4.Nbd2 O-O 5.g3 b6 6.Bg2 Bb7 7.O-O a5 8.a3 Bxd2
9.Bxd2 a4 10.d5 exd5 11.Nh4 d6 12.Bc3 Ne4 13.Bd4 c5 14.cxd5 Re8 15.Bxe4 Rxe4
16.Bc3 Qg5 17.Ng2 Nd7 18.f3 Ree8 19.e4 b5 20.Re1 Qd8 21.Ne3 f6 22.Kg2 Bc8
23.h4 Ne5 24.f4 Nf7 25.Qf3 Ra7 26.Nf5 Bxf5 27.exf5 Rae7 28.Re6 Qd7 29.g4 Nd8
30.g5 Rf8 31.gxf6 gxf6 32.Bxf6 Rxf6 33.Rxf6 Rg7+ 34.Kf2 Qe7 35.Rh6 Nf7 36.Re1 Qd8
37.Qh5 c4 38.Rhe6 Qb6+ 39.R1e3 h6 40.f6 Qd4  1-0

[Event "TCh-SRB 1st League"]
[Site "Kragujevac SRB"]
[Date "2009.09.09"]
[Round "8"]
[White "Stojanovic,Mih"]
[Black "Ilincic,Z"]
[Result "1/2-1/2"]
[WhiteElo "2584"]
[BlackElo "2474"]

1.d4 Nf6 2.c4 e6 3.Nf3 Bb4+ 4.Nbd2 O-O 5.a3 Bxd2+ 6.Bxd2 b6 7.Bg5 Bb7 8.e3 d6
9.Be2 Nbd7 10.O-O Qe7 11.Nd2 c5 12.Bf3 Bxf3 13.Nxf3 h6 14.Bxf6 Nxf6 15.Qa4 Qd7
16.Qxd7 Nxd7 17.Rfd1 Rfd8 18.b4 Kf8 19.Kf1 Ke7 20.Ke2 Rac8 21.dxc5 dxc5 22.b5 a6
23.Rd3 g5 24.h3 Ra8 25.Rad1 f6 26.Nd2 Ne5 27.Rxd8  1/2-1/2

[Event "ch-PAR"]
[Site "Asuncion PAR"]
[Date "2009.09.10"]
[Round "5"]
[White "Peralta,E"]
[Black "Valiente,C"]
[Result "1/2-1/2"]
[WhiteElo "2283"]
[BlackElo "2241"]

1.d4 Nf6 2.Nf3 e6 3.c4 Bb4+ 4.Nbd2 d5 5.e3 O-O 6.a3 Be7 7.Bd3 b6 8.O-O Bb7
9.b3 c5 10.Bb2 Nc6 11.Qe2  1/2-1/2

[Event "II Open"]
[Site "Sabadell ESP"]
[Date "2009.09.10"]
[Round "9"]
[White "Gonzalez Garcia,J2"]
[Black "Gomez Jurado,L"]
[Result "1-0"]
[WhiteElo "2509"]
[BlackElo "2287"]

1.d4 Nf6 2.c4 e6 3.Nf3 Bb4+ 4.Nbd2 d5 5.g3 O-O 6.Bg2 Re8 7.O-O Bf8 8.Qc2 c5
9.dxc5 Na6 10.Nb3 Ne4 11.Be3 Nb4 12.Qc1 a5 13.Rd1 a4 14.Nbd2 Qa5 15.cxd5 exd5
16.Nxe4 dxe4 17.Ng5 Bf5 18.Qc4 Bg6 19.Rd7 b5 20.cxb6 Qf5 21.Rad1 h6 22.b7 Rab8
23.Nh3 Qf6 24.Bf4 Bf5 25.Bxb8 Bxd7 26.Rxd7 Rxb8 27.Bxe4 Na6 28.Rxf7  1-0

[Event "TCh-SRB 1st League"]
[Site "Kragujevac SRB"]
[Date "2009.09.12"]
[Round "11"]
[White "Sekulic,D"]
[Black "Nestorovic,De"]
[Result "1-0"]
[WhiteElo "2295"]
[BlackElo "2434"]

1.d4 Nf6 2.c4 e6 3.Nf3 Bb4+ 4.Nbd2 O-O 5.a3 Bxd2+ 6.Qxd2 Ne4 7.Qc2 f5 8.g3 d6
9.Bg2 Qe7 10.O-O Nf6 11.Nh4 c5 12.d5 exd5 13.cxd5 Ne4 14.f3 Ng5 15.Bd2 Na6
16.Rae1 Bd7 17.e4 fxe4 18.f4 Nh3+ 19.Kh1 g5 20.Rxe4 Qf7 21.f5 Nf4 22.Bxf4 gxf4
23.Rfxf4 Qf6 24.Qd2 Kh8 25.Rg4 Rf7 26.Ng6+ hxg6 27.Rxg6 Qxf5 28.Rh4+  1-0

[Event "7th ch-Mediterranean"]
[Site "Rijeka CRO"]
[Date "2009.09.17"]
[Round "9"]
[White "Esen,B"]
[Black "Zorko,Ju"]
[Result "1/2-1/2"]
[WhiteElo "2494"]
[BlackElo "2430"]

1.d4 Nf6 2.c4 e6 3.Nf3 Bb4+ 4.Nbd2 b6 5.a3 Bxd2+ 6.Qxd2 Bb7 7.e3 O-O 8.b4 Ne4
9.Qc2 f5 10.Bb2 a5 11.b5 d6 12.d5 e5 13.Nd2 Nxd2 14.Qxd2 Nd7 15.O-O-O Nc5
16.Qc2 f4 17.e4 f3 18.g3 Bc8 19.Re1 Rf6 20.Kb1 Rh6 21.Bc1 Rh5 22.h4 Bg4 23.Bd3 Qd7
24.Be3 Nb7 25.a4 Rf8 26.Kb2 Rf6 27.Ka3 h6 28.Qd1 Nd8 29.Bc2 Nf7 30.Qd2 Nh8
31.Bd1 Ng6 32.Qc3 Nf8 33.Bc1 Qf7 34.Be3 Nd7 35.Bc2 Qf8 36.Bd1 Qf7 37.Bc2 Qf8  1/2-1/2

[Event "TCh-FIN 2009-10"]
[Site "Finland FIN"]
[Date "2009.09.19"]
[Round "1"]
[White "Volodin,Alek"]
[Black "Ivanov,SA"]
[Result "1-0"]
[WhiteElo "2429"]
[BlackElo "2375"]

1.d4 Nf6 2.c4 e6 3.Nf3 Bb4+ 4.Nbd2 b6 5.g3 Bb7 6.Bg2 O-O 7.O-O d5 8.Qc2 c6
9.a3 Be7 10.b3 Nbd7 11.Bb2 Rc8 12.e4 Nxe4 13.Nxe4 dxe4 14.Qxe4 Rc7 15.Rad1 Bf6
16.Qe2 Qa8 17.c5 Qc8 18.Qc2 Ba6 19.Rfe1 bxc5 20.dxc5 Bxb2 21.Ng5 Nf6 22.Qxb2 Rd8
23.Rxd8+ Qxd8 24.Qe5 h6 25.Ne4 Nxe4 26.Bxe4 Qd2 27.Bf3 Rc8 28.Rd1 Qa2 29.Qe3 Rb8
30.b4 Rc8 31.Rc1 Bb5 32.Kg2 Ba4 33.Qd4 e5 34.Qd7 Rf8 35.Rc3 Qa1 36.Re3 Bb5
37.Bd1 Bc4 38.Qd6 Re8 39.h4 Re6 40.Qd8+ Kh7 41.Qd2 Bd5+ 42.Kh2 Rf6 43.Re1 Qxa3
44.Rxe5 a5 45.bxa5 Qxc5 46.Qc2+ Qxc2 47.Bxc2+ g6 48.f4 Bc4 49.Be4 Rd6 50.h5 Kg7
51.hxg6 fxg6 52.g4 Kf6 53.Kg3 Bb5  1-0

[Event "Uxbridge Congress Open"]
[Site "Uxbridge ENG"]
[Date "2009.09.19"]
[Round "2"]
[White "Bonafont,P"]
[Black "Jeffries,M"]
[Result "1-0"]
[WhiteElo "2126"]
[BlackElo "2001"]

1.d4 Nf6 2.c4 e6 3.Nf3 Bb4+ 4.Nbd2 O-O 5.e3 b6 6.Bd3 Bb7 7.Qc2 d5 8.O-O Nbd7
9.a3 Bxd2 10.Bxd2 dxc4 11.Bxc4 c5 12.Bc3 Qc7 13.Rac1 Rac8 14.dxc5 bxc5 15.Rfd1 Ng4
16.e4 Ndf6 17.Re1 Qf4 18.Bd2 Qc7 19.h3 Ne5 20.Nxe5 Qxe5 21.Bc3 Qg5 22.Rcd1 Rfd8
23.Rxd8+ Rxd8 24.Bf1 h6 25.g3 Qg6 26.Bg2 Ba6 27.Ba5 Rc8 28.Rd1 Bb7 29.Re1 h5
30.Qc4 Nd7 31.Qb5 Nb6 32.Bxb6 axb6 33.Qd7 Rb8 34.Qc7  1-0

[Event "TCh-FIN 2009-10"]
[Site "Finland FIN"]
[Date "2009.09.20"]
[Round "2"]
[White "Volodin,Alek"]
[Black "Miezis,N"]
[Result "1/2-1/2"]
[WhiteElo "2429"]
[BlackElo "2558"]

1.d4 Nf6 2.c4 e6 3.Nf3 Bb4+ 4.Nbd2 c5 5.a3 Bxd2+ 6.Bxd2 b6 7.Bg5 Bb7 8.e3 h6
9.Bh4 d6 10.Be2 Nbd7 11.O-O Qe7 12.Qa4 O-O 13.Rfd1 Rfd8 14.Rac1 g5 15.Bg3 Ne4
16.Nd2 Nxg3 17.hxg3 Nf6 18.Bf3 e5 19.Bxb7 Qxb7 20.dxe5 dxe5 21.Qc2 e4 22.Nb1 a6
23.Nc3 b5 24.Nd5 Nxd5 25.cxd5 Rxd5 26.Rxd5 Qxd5 27.Qxc5 Qxc5 28.Rxc5 Rd8
29.Kf1 Rd2 30.Rc8+ Kg7 31.Ra8 Rxb2 32.Rxa6 h5 33.Rd6 Rb3 34.Rd5 f6 35.Ke2 Kf7
36.Rf5 Ke7 37.Rd5 Ke6 38.Rc5 Rb2+ 39.Ke1 Kd6 40.Rf5 Ke7 41.Rd5 Kf7 42.Rf5 Rb3
43.Ke2 Ke6 44.Rc5 Rb1 45.Kd2 f5 46.Ke2 Rb2+ 47.Ke1 g4 48.Kf1 Rb1+ 49.Ke2 Rb3
50.Kd2 Rd3+ 51.Ke2 Rxa3 52.Rxb5 Ra2+ 53.Ke1 h4 54.gxh4 g3 55.fxg3 Rxg2 56.Rb6+ Kf7
57.Rb5 Kg6 58.Rb8 Kg7 59.Rb5 Kg6 60.Rb8 Kg7 61.Rb7+ Kg6 62.Rb8 Kg7 63.Rb7+ Kh6
64.Rf7 Rxg3 65.Rf6+ Kg7 66.Rxf5 Rxe3+  1/2-1/2

[Event "TCh-ROU Superliga"]
[Site "Eforie Nord ROU"]
[Date "2009.09.21"]
[Round "3"]
[White "Garbea,B"]
[Black "Berescu,A"]
[Result "1/2-1/2"]
[WhiteElo "2239"]
[BlackElo "2475"]

1.d4 e6 2.Nf3 Nf6 3.c4 Bb4+ 4.Nbd2 b6 5.e3 Bb7 6.Be2 O-O 7.a3 Bxd2+ 8.Qxd2 d6
9.O-O Nbd7 10.b4 Ne4 11.Qc2 c5 12.Nd2 Nxd2 13.Qxd2 Qg5 14.f3 Rfd8 15.Bb2 Nf6
16.Rfd1 cxd4 17.exd4 Qh4 18.g3 Qh3 19.d5 e5 20.f4 b5 21.fxe5 dxe5 22.Bxe5 bxc4
23.Bxf6 Rxd5 24.Bf1 Rxd2 25.Bxh3 Rxd1+ 26.Rxd1 gxf6 27.Rd4 Ba6 28.Rd6 Bb5
29.Rd5 a6 30.Rc5 Rd8 31.a4 Bxa4 32.Rxc4 Rd1+ 33.Kf2 Bb5 34.Rh4 Rd2+ 35.Kg1 Rd5
36.Kf2 Kg7 37.Bc8 h6 38.Ke3 Rd3+ 39.Kf2 Rd2+ 40.Ke1 Re2+ 41.Kd1 Rf2 42.Ke1 Re2+
43.Kd1  1/2-1/2

[Event "18th TCh-CRO"]
[Site "Sibenik CRO"]
[Date "2009.09.23"]
[Round "3"]
[White "Muse,M"]
[Black "Hulak,K"]
[Result "1/2-1/2"]
[WhiteElo "2448"]
[BlackElo "2520"]

1.d4 Nf6 2.c4 e6 3.Nf3 Bb4+ 4.Nbd2 b6 5.e3 Bb7 6.Bd3 O-O 7.O-O d5 8.a3 Be7
9.b3 Nbd7 10.Bb2 c5 11.Qe2 cxd4 12.exd4 Rc8 13.Rfd1 Rc7 14.Ng5 g6 15.f4 Re8
16.Ndf3 Nh5 17.g3 Bf6 18.Nh3 Bg7 19.Ne5 dxc4 20.bxc4 b5 21.Nf2 bxc4 22.Bxc4 Nb6
23.Bb3 Nd5 24.Qd2 Ba8 25.Rac1 Qb8 26.Rxc7 Qxc7 27.Rc1 Qb7 28.Ba4 Rc8 29.Rxc8+ Qxc8
30.Qa5 Qb8 31.Qb5 Qxb5 32.Bxb5 Nc7 33.Ba4 Nf6 34.Bc3 Nfd5 35.Ba5 Bf8 36.Nc4 Bb7
37.Ne4 Ba6 38.Ned6 Be7 39.Bc6 Kf8 40.a4 Bxd6 41.Nxd6 Ke7 42.Nb5 Nxb5  1/2-1/2

[Event "Bolungarvik Open"]
[Site "Reykjavik ISL"]
[Date "2009.09.24"]
[Round "8"]
[White "Semcesen,D"]
[Black "Skousen,N"]
[Result "0-1"]
[WhiteElo "2465"]
[BlackElo "2286"]

1.d4 Nf6 2.Nf3 e6 3.c4 Bb4+ 4.Nbd2 b6 5.e3 Bb7 6.Bd3 O-O 7.O-O d5 8.b3 Nbd7
9.Bb2 Ne4 10.Qc2 f5 11.a3 Bd6 12.b4 c5 13.bxc5 bxc5 14.cxd5 Nxd2 15.Nxd2 Rc8
16.Qb3 Bxd5 17.Bc4 Bxh2+ 18.Kxh2 Qh4+ 19.Kg1 Bxg2 20.f4 Qg3 21.Rf2 Bh3+ 22.Kh1 Qxf2
23.Rg1 Rf6 24.Bxe6+ Kh8 25.dxc5 Bg2+  0-1

[Event "TCh-ISL 2009-10"]
[Site "Rekjavik ISL"]
[Date "2009.09.25"]
[Round "1"]
[White "Kristinsson,Ba"]
[Black "Gretarsson,Hj"]
[Result "0-1"]
[WhiteElo "2166"]
[BlackElo "2320"]

1.d4 Nf6 2.c4 e6 3.Nf3 Bb4+ 4.Nbd2 b6 5.g3 Bb7 6.Bg2 O-O 7.O-O h6 8.Qc2 c5
9.a3 Bxd2 10.Bxd2 Be4 11.Qc3 d6 12.dxc5 bxc5 13.Rfd1 Qe7 14.Qe3 Nc6 15.Bc3 e5
16.Ne1 Bxg2 17.Nxg2 a5 18.Qd3 Rfd8 19.Ne3 Nd4 20.Bxd4 cxd4 21.Nd5 Nxd5 22.cxd5 Qb7
23.Rab1 Qxd5 24.e3 Rab8 25.exd4 Rb3 26.Qd2 e4 27.Rbc1 Rdb8 28.Rc2 Rd3 29.Qe1 Qxd4
30.Rdc1 d5 31.Qxa5 Rd1+ 32.Kg2 Rxc1 33.Rxc1 Rxb2  0-1

[Event "18th TCh-CRO"]
[Site "Sibenik CRO"]
[Date "2009.09.25"]
[Round "5"]
[White "Feletar,D"]
[Black "Tratar,M"]
[Result "1/2-1/2"]
[WhiteElo "2377"]
[BlackElo "2478"]

1.d4 Nf6 2.Nf3 e6 3.c4 Bb4+ 4.Nbd2 b6 5.e3 Bb7 6.Bd3 O-O 7.O-O d5 8.a3 Be7
9.b4 Nbd7 10.Bb2 c5 11.bxc5 bxc5 12.cxd5 Nxd5 13.Qc2 h6 14.Rfc1 Rc8 15.Qb3 N5b6
16.Be4 Ba6 17.Bd3 Bb7 18.Be4 Ba6 19.Bd3 Bb7  1/2-1/2

[Event "TCh-NED 2009-10"]
[Site "Netherlands NED"]
[Date "2009.09.26"]
[Round "1"]
[White "Dambacher,M"]
[Black "Van Oosterom,C"]
[Result "1-0"]
[WhiteElo "2475"]
[BlackElo "2386"]

1.d4 Nf6 2.c4 e6 3.Nf3 Bb4+ 4.Nbd2 b6 5.a3 Bxd2+ 6.Qxd2 Bb7 7.e3 O-O 8.Be2 d6
9.b4 Nbd7 10.Bb2 Ne4 11.Qc2 f5 12.O-O Rf6 13.d5 Rg6 14.Nd4 exd5 15.Nxf5 Qg5
16.Ng3 Nxg3 17.hxg3 Rf8 18.cxd5 Bxd5 19.Qxc7 Rf7 20.Rad1 Nf8 21.Qc3 Bxg2
22.Bc4 d5 23.Kxg2 dxc4 24.Qxc4 Qf5 25.Qd5 Qg4 26.Rd4 Qe2 27.Rf4 Ne6 28.Rxf7 Kxf7
29.Qd7+ Kg8 30.Rc1 h5 31.Be5 Qg4 32.Rc8+ Kh7 33.Qe8 Rg5 34.Bf4  1-0

[Event "18th TCh-CRO b"]
[Site "Sibenik CRO"]
[Date "2009.09.28"]
[Round "8"]
[White "Erdos,V"]
[Black "Dizdarevic,E"]
[Result "1/2-1/2"]
[WhiteElo "2591"]
[BlackElo "2483"]

1.d4 e6 2.c4 Bb4+ 3.Nd2 Nf6 4.Nf3 O-O 5.a3 Be7 6.b4 d6 7.Bb2 c5 8.dxc5 dxc5
9.b5 Nbd7 10.Qc2 Qc7 11.a4 b6 12.e3 Bb7 13.Bd3 Bd6 14.Ne4 Bxe4 15.Bxe4 Rad8
16.Qc3 h6 17.Bc2 Rfe8 18.O-O-O e5 19.Nd2  1/2-1/2

[Event "18th TCh-CRO"]
[Site "Sibenik CRO"]
[Date "2009.09.28"]
[Round "8"]
[White "Abasov,N"]
[Black "Hracek,Z"]
[Result "0-1"]
[WhiteElo "2525"]
[BlackElo "2606"]

1.d4 Nf6 2.c4 e6 3.Nf3 Bb4+ 4.Nbd2 O-O 5.a3 Be7 6.e4 d5 7.Bd3 c5 8.dxc5 a5
9.O-O dxe4 10.Nxe4 Nbd7 11.Nxf6+ Bxf6 12.Nd2 Qc7 13.Ne4 Be7 14.Be3 f5 15.Nd6 Nxc5
16.Nxc8 Raxc8 17.Bc2 Bf6 18.Qc1 Rfd8 19.Rb1 Nd3 20.Bxd3 Rxd3 21.c5 Rcd8 22.Qc4 Qc6
23.a4 Kf7 24.Rfe1 g5 25.g3 Qd5 26.Qc2 Qb3 27.Qe2 Kg6 28.Qf3 Qd5 29.Qxd5 R8xd5
30.Rec1 e5 31.c6 bxc6 32.Rxc6 f4 33.gxf4 exf4 34.Bc5 f3 35.h4 Kf5 36.Rxf6+ Kxf6
37.Be3 Rd1+ 38.Rxd1 Rxd1+ 39.Kh2 g4 40.h5 Kf5  0-1